Best players in history of football - Statistics

General Stats
  • This quiz has been taken 117 times
    78 since last reset
  • The average score is 33 of 55
Answer Stats
Hint Answer % Correct
GK - Spain Iker Casillas
95%
GK -Italy Gianluigi Buffon
94%
GK - Germany Manuel Neuer
92%
GK - USSR Lev Yashin
89%
GK - Denmark Schmeichel
89%
RB - Germany Philipp Lahm
85%
RB - Brazil Cafu
83%
CB - Spain Carles Puyol
76%
CB - Spain Sergio Ramos
76%
LB - Brazil Roberto Carlos
74%
RB - Argentina Javier Zanetti
73%
CB - Germany Beckenbauer
71%
CM - Croatia Luka Modric
71%
LB - Italy Paolo Maldini
70%
ST - Poland Robert Lewandowski
70%
RB - Brazil Dani Alves
68%
CM - Spain Xavi
68%
CM - Spain Andres Iniesta
67%
CM - Belguim Kevin De Bruyne
67%
CAM - France Zidane
67%
CM - Italy Andre Pirlo
65%
CB - Italy Cannavaro
65%
LB - Spain Jordi Alba
64%
RW - Argentina Leo Messi
64%
LW - Portgual Cristiano Ronaldo
62%
CAM - Argentina Diego Maradona
62%
RW - Portugal Luis Figo
62%
ST - Uruguay Luis Suarez
62%
LB - Brazil Marcelo
62%
ST - Brazil Ronaldo
62%
CDM - Ireland Roy Keane
62%
LB - England Ashley Cole
61%
CDM - Spain Sergio Busquets
61%
ST - Portugal Eusebio
58%
CAM - Brazil Pele
56%
LW - Wales Ryan Giggs
56%
ST - Holland Van Basten
55%
CB - Italy Franco Baresi
53%
CDM - Germany Matthaus
52%
LW - Czech Republic Pavel Nedved
52%
CF - Holland Johan Cruyff
50%
LW - France Thierry Henry
47%
RW - Holland Arjen Robben
45%
CDM - Holland Frank Rijkaard
45%
RW - UK George Best
44%
CF - Holland Gullit
42%
CDM - France Makelele
42%
CF - England Wayne Rooney
42%
RB - Brazil Carlos Alberto
41%
RW - Brazil Garrincha
41%
CAM - Brazil Ronaldinho
39%
CF - France Platini
36%
CF - Italy Baggio
29%
LW - France Franck Ribery
29%
CAM - Germany Mesut Ozil
24%
No matching quizzes found
Score Distribution
Percent of People with Each Score
Percentile by Number Answered
Your Score History
You have not taken this quiz since the last reset